Quizzes
Events
Quiz Creation
Community
Videos
Private Events
Remove Ads
Sign In
Join for FREE
Feedback
Dark Mode
Quiz Categories
Sports
Geography
Music
Movies
Television
Just For Fun
Miscellaneous
History
Literature
Language
Science
Gaming
Entertainment
Religion
Holiday
For Kids
Quiz Lab
Recent
Popular Today
Quiz Kudos Today
Editor Picks
Curator Picks
Quizzes by...
Day
Popularity
Type
Ratings
Length
Year
Community
Subscriptions
Recent Discussions
Orange Saloon
Badges
Playlists
Quests
Create
Leaderboards
Showdown
Live 5
Trivia Bingo
Activity
Puzzle Library
Sporcle Events
Private Events
Virtual Trivia
Globe League
Become a Host
Pub Owners
SporcleCon
Opinionation
Our Games
Videos
Blog
Mobile Apps
Partnerships
Remove Ads and Go Orange
Feedback
Sports
Athletes
MLB
NBA
NHL
NFL
Soccer
Sports Teams
WWE
NCAA
Football
Premier League
Basketball
Baseball
Hockey
Golf
Tennis
Cricket
Rugby
Auto Racing
Olympics
World Cup
Sports
Athletes
MLB
NBA
NHL
NFL
Soccer
Sports Teams
WWE
NCAA
Football
Premier League
Basketball
Baseball
Hockey
Golf
Tennis
Cricket
Rugby
Auto Racing
Olympics
World Cup
Random Quiz
Search Sporcle
×
Quiz Lab
Quiz Lab
Sports
Baseball
Type in answers that appear in a list
Type in answers that appear in a list
Classic
Best Score? Go Orange.
MLB Players with more than 40 HRs in a Season Stats
Can you name the MLB Players with more than 40 HRs in a Season?
By
punderoo
20m
282 Questions
4,393 Plays
4,393 Plays
4,393 Plays
Comments
Comments
Give Quiz Kudos
Give Quiz Kudos
-
- Ratings
hide this ad
Replay
Link that replays current quiz
Next Quiz
Link to next quiz in quiz playlist
You Got
0%
They Got
Avg Score
82%
Avg Friend Score
Upgrade to see
Score Distribution
Jump to the score distribution portion of the page
Score
0/282
Timer
20:00
0
Plays Today
HR
Player
% Correct
73
Barry Bonds
99.5%
49
Barry Bonds
99.5%
46
Barry Bonds
99.5%
42
Barry Bonds
99.5%
45
Barry Bonds
99.5%
45
Barry Bonds
99.5%
46
Barry Bonds
99.5%
60
Babe Ruth
99.3%
59
Babe Ruth
99.3%
54
Babe Ruth
99.3%
54
Babe Ruth
99.3%
41
Babe Ruth
99.3%
41
Babe Ruth
99.3%
46
Babe Ruth
99.3%
46
Babe Ruth
99.3%
46
Babe Ruth
99.3%
47
Babe Ruth
99.3%
49
Babe Ruth
99.3%
66
Sammy Sosa
99.1%
64
Sammy Sosa
99.1%
63
Sammy Sosa
99.1%
49
Sammy Sosa
99.1%
50
Sammy Sosa
99.1%
70
Mark McGwire
99%
65
Mark McGwire
99%
58
Mark McGwire
99%
42
Mark McGwire
99%
49
Mark McGwire
99%
52
Mark McGwire
99%
57
Alex Rodriguez
98.4%
54
Alex Rodriguez
98.4%
41
Alex Rodriguez
98.4%
42
Alex Rodriguez
98.4%
42
Alex Rodriguez
98.4%
47
Alex Rodriguez
98.4%
48
Alex Rodriguez
98.4%
52
Alex Rodriguez
98.4%
56
Ken Griffey
98%
56
Ken Griffey
98%
54
David Ortiz
98%
41
David Ortiz
98%
45
Ken Griffey
98%
47
David Ortiz
98%
48
Ken Griffey
98%
49
Ken Griffey
98%
58
Ryan Howard
97.7%
45
Ryan Howard
97.7%
47
Ryan Howard
97.7%
48
Ryan Howard
97.7%
59
Giancarlo Stanton
97.6%
44
Frank Howard
97.5%
44
Frank Howard
97.5%
48
Frank Howard
97.5%
54
Mickey Mantle
97.2%
52
Mickey Mantle
97.2%
42
Mickey Mantle
97.2%
45
Chipper Jones
97.2%
41
Andruw Jones
97.1%
51
Andruw Jones
97.1%
41
Albert Pujols
96.9%
42
Albert Pujols
96.9%
43
Albert Pujols
96.9%
46
Albert Pujols
96.9%
47
Albert Pujols
96.9%
49
Albert Pujols
96.9%
57
Luis Gonzalez
96.7%
42
Juan Gonzalez
96.7%
43
Juan Gonzalez
96.7%
45
Juan Gonzalez
96.7%
46
Juan Gonzalez
96.7%
47
Juan Gonzalez
96.7%
47
Chris Davis
96.6%
42
Khris Davis
96.5%
43
Khris Davis
96.5%
48
Khris Davis
96.5%
61
Roger Maris
96.5%
46
Prince Fielder
96.4%
50
Prince Fielder
96.4%
51
Cecil Fielder
96.3%
44
Cecil Fielder
96.3%
52
Aaron Judge
96.3%
41
Willie Mays
96.3%
47
Willie Mays
96.3%
49
Willie Mays
96.3%
51
Willie Mays
96.3%
52
Willie Mays
96.3%
54
Jose Bautista
95.7%
43
Jose Bautista
95.7%
53
Chris Davis
95.6%
41
Lou Gehrig
95.3%
46
Lou Gehrig
95.3%
47
Lou Gehrig
95.3%
49
Lou Gehrig
95.3%
49
Lou Gehrig
95.3%
HR
Player
% Correct
42
Jim Thome
95.1%
42
Jim Thome
95.1%
47
Jim Thome
95.1%
49
Jim Thome
95.1%
52
Jim Thome
95.1%
47
Hank Aaron
94.7%
45
Hank Aaron
94.7%
44
Hank Aaron
94.7%
44
Hank Aaron
94.7%
44
Hank Aaron
94.7%
44
Hank Aaron
94.7%
41
Manny Ramirez
94.6%
43
Manny Ramirez
94.6%
44
Manny Ramirez
94.6%
45
Manny Ramirez
94.6%
45
Manny Ramirez
94.6%
42
Jeff Bagwell
94.5%
43
Jeff Bagwell
94.5%
47
Jeff Bagwell
94.5%
41
Frank Thomas
93.8%
42
Frank Thomas
93.8%
43
Frank Thomas
93.8%
42
Todd Helton
93.6%
45
Gorman Thomas
93.6%
49
Todd Helton
93.6%
43
Ted Williams
93.1%
43
Matt Williams
93%
42
Billy Williams
92.9%
41
Cy Williams
92.9%
42
Shawn Green
92.5%
42
Shawn Green
92.5%
49
Shawn Green
92.5%
49
Frank Robinson
92.1%
49
Larry Walker
92.1%
41
Harmon Killebrew
91.9%
42
Harmon Killebrew
91.9%
44
Harmon Killebrew
91.9%
45
Harmon Killebrew
91.9%
46
Harmon Killebrew
91.9%
48
Harmon Killebrew
91.9%
49
Harmon Killebrew
91.9%
49
Harmon Killebrew
91.9%
58
Jimmie Foxx
91.8%
41
Jimmie Foxx
91.8%
44
Jimmie Foxx
91.8%
48
Jimmie Foxx
91.8%
50
Jimmie Foxx
91.8%
44
Miguel Cabrera
91.5%
45
Mike Schmidt
91.5%
48
Mike Schmidt
91.5%
41
Ernie Banks
91.4%
43
Ernie Banks
91.4%
44
Ernie Banks
91.4%
45
Ernie Banks
91.4%
47
Ernie Banks
91.4%
44
Miguel Cabrera
91%
49
Albert Belle
89.8%
48
Albert Belle
89.8%
50
Albert Belle
89.8%
42
Jose Canseco
89.8%
44
Jose Canseco
89.8%
46
Jose Canseco
89.8%
44
Willie McCovey
89.8%
45
Willie McCovey
89.8%
45
J.D. Martinez
89.7%
43
J.D. Martinez
89.7%
42
Vladimir Guerrero
89.5%
44
Vladimir Guerrero
89.5%
47
George Bell
89.4%
41
Reggie Jackson
89.3%
47
Reggie Jackson
89.3%
50
Brady Anderson
89.1%
41
Ryan Braun
88.8%
41
Adam Dunn
88.7%
46
Adam Dunn
88.7%
43
Rafael Palmeiro
88.7%
43
Rafael Palmeiro
88.7%
47
Rafael Palmeiro
88.7%
47
Rafael Palmeiro
88.7%
42
Lance Berkman
88.2%
45
Lance Berkman
88.2%
44
Willie Stargell
87.7%
48
Willie Stargell
87.7%
45
Johnny Bench
87.3%
48
Adrian Beltre
87.2%
41
Mike Trout
87.1%
41
Jason Giambi
87%
41
Jason Giambi
87%
43
Jason Giambi
87%
41
Carlos Delgado
86.8%
42
Carlos Delgado
86.8%
44
Carlos Delgado
86.8%
58
Hank Greenberg
86.5%
41
Hank Greenberg
86.5%
HR
Player
% Correct
44
Hank Greenberg
86.5%
43
Josh Hamilton
86.4%
44
Carl Yastrzemski
85.6%
46
Joe DiMaggio
85.4%
44
Tino Martinez
85.2%
49
Andre Dawson
85%
44
Mo Vaughn
84.8%
41
Greg Vaughn
84.7%
45
Greg Vaughn
84.7%
50
Greg Vaughn
84.7%
44
Nelson Cruz
84.5%
43
Nelson Cruz
84.5%
46
Jim Rice
83.9%
46
Derrek Lee
83.7%
41
Andres Galarraga
83.5%
44
Andres Galarraga
83.5%
47
Andres Galarraga
83.5%
42
Bryce Harper
83%
41
Paul Konerko
82.9%
56
Hack Wilson
82.5%
46
Alfonso Soriano
82.4%
42
Gary Sheffield
82.1%
43
Gary Sheffield
82.1%
41
Troy Glaus
81.8%
47
Troy Glaus
81.8%
54
Ralph Kiner
81.6%
42
Ralph Kiner
81.6%
47
Ralph Kiner
81.6%
51
Ralph Kiner
81.6%
42
Mel Ott
81.4%
42
Jim Edmonds
81.2%
42
Jim Edmonds
81.2%
46
Carlos Pena
81.2%
41
Eddie Mathews
80.9%
46
Eddie Mathews
80.9%
47
Eddie Mathews
80.9%
44
Jay Buhner
79.5%
52
George Foster
79.3%
41
Carlos Beltran
79.2%
41
Curtis Granderson
79%
43
Curtis Granderson
79%
44
Dale Murphy
78.5%
43
Mark Teixeira
77.9%
42
Duke Snider
77.8%
42
Duke Snider
77.8%
43
Duke Snider
77.8%
42
Edwin Encarnacion
77.8%
46
Vinny Castilla
76.1%
42
Edwin Encarnacion
75.9%
42
Nolan Arenado
75.8%
41
Nolan Arenado
75.8%
45
Richie Sexson
75.4%
45
Richie Sexson
75.4%
47
Kevin Mitchell
73.8%
47
Mark Trumbo
73.3%
44
Jermaine Dye
73%
42
Rogers Hornsby
71.6%
42
Travis Hafner
71.5%
48
Dave Kingman
71.5%
41
Josh Donaldson
70.7%
43
Javy Lopez
70%
43
Davey Johnson
69.1%
44
Mark Reynolds
68.6%
41
Darrell Evans
68.6%
41
David Justice
68%
41
Chris Carter
67.8%
43
Johnny Mize
67.1%
51
Johnny Mize
67.1%
47
Ted Kluszewski
66.6%
49
Ted Kluszewski
66.6%
46
Orlando Cepeda
66.5%
44
Richard Hidalgo
64.1%
41
Norm Cash
60.5%
41
Rocky Colavito
60.2%
42
Rocky Colavito
60.2%
45
Rocky Colavito
60.2%
42
Gil Hodges
59.5%
41
Roy Campanella
59.4%
43
Tony Armas
57.9%
42
Brian Dozier
56.5%
43
Chuck Klein
56.5%
41
Todd Hundley
55.2%
41
Phil Nevin
55%
41
Joey Gallo
52%
43
Al Rosen
51.9%
41
Ben Oglivie
48.3%
46
Jim Gentile
46.5%
41
Tony Batista
46.4%
41
Jeff Burroughs
37.2%
42
Hal Trosky
35.4%
41
Hank Sauer
32.6%
42
Roy Sievers
31.1%
42
Dick Stuart
26.2%
42
Gus Zernial
23.9%
Quiz Playlist
Details
Report
Send in Message
Add To Playlist
Classic:
Type in answers that appear in a list
Quiz Source
Last Updated: Jun 18, 2017
Quiz Scoreboard
CHALLENGE
Sign Up to Join the Scoreboard
Show All
Scores
Hide
Comments
May contain spoilers
Recently Published
TV Characters by Other Roles V
by ghcgh
Television
5m
Decade Duel: World Leaders
by jenniferyan
History
4m
Alphabetical 'K' Countries by Flag Minefield
by ylime102
Geography
3m
More to Explore
Quiz From the Vault
Featured Blog Post
15 Basketball Trivia Facts You Can Be March Mad About
hide this ad
You Might Also Like...
Tags
Baseball Quiz
MLB Quiz
Home Runs
hr-rbi
HR 200
HR Hitters
HR Leaders
hrs
HR Seasons
MLB Player
Player
Today's Top Quizzes in Sports
Browse Sports
hide this ad
Today's Top Quizzes in Baseball
Browse Baseball
Top Contributed Quizzes in Sports
1
MLB 2 truths and a lie: Hall of Fame pitchers
2
Les joueurs à 100 buts en Ligue 1 Uber Eats
3
2022 World Cup Stars
4
Pick 6: NFL Teams
5
Pick 6: Minor League Baseball
6
Millionaire: NBA Finals Edition
7
50+ Goals in European Competition
8
Click the 1998 NBA Draft
9
Pick 6: Olympics
10
Iconic Moments in Football - Multiple Choice
Explore More
Trending Topics
Marvel
Crossword
Harry Potter
Kpop
NBA
Anime
Disney
NFL
Puzzle
Country
Song
The Office
WWE
Soccer
Pokémon
hide this ad
More By:
punderoo
Quiz
Plays
Rating
Category
Featured
Created
NFL Top 10 Prolific but Unsuccessful Quarterbacks
60,772
4.61
Sports
Dec 17, 2014
MLB Living Leaders
11,696
4.82
Sports
Feb 4, 2014
MLB Top 3 HR hitters by World Series winner
10,429
4.68
Sports
Jul 11, 2013
MLB Top 3 WAR by World Series Winner
9,278
4.75
Sports
May 21, 2014
MLB Best Month Ever!
7,957
4.69
Sports
May 29, 2014
Go to Creator's Profile
Score Distribution
Quiz Creator Spotlight
punderoo
Follow
Send a Message
Quizzes Created
-
Created Quiz Play Count
-
More By This Creator
Popular Quizzes Today
1
Countries of Asia Without Outlines Minefield
2
Find the US States - No Outlines Minefield
3
Pick 6: Fruits
4
The Countries of the World
5
Find the Countries of Europe - No Outlines Minefield
6
Alphabetical 'K' Countries by Flag Minefield
7
Find the US States
8
US States
More Sports Quizzes
Elemental NHL/MLB!
Curator's Pick
Trending Quizzes
Pick 6: Mountains
Pick 6: Harry Potter
Pick 6: NFL Teams
Pick 6: Flags
C Names for Actors
Recently Updated
Adaptations: Name the Title
pecheneg
NWSL Teams
pecheneg
Women's Final Four Teams by Year
bhenderson79
Presidents Quartet II
eogle
Anything But Clue(do)
eogle
Anything But Oceanian Capitals
eogle
Anything But 7
eogle
Anything But Thing
eogle
Word Ladder: February 29
pecheneg
Song Title Questions
pecheneg
Trending Topics
Kpop
Crossword
Disney
NBA
Harry Potter
Marvel
Anime
WWE
The Office
Pokémon
Country
Song
Puzzle
NFL
Soccer
Your Account Isn't Verified!
In order to create a playlist on Sporcle, you need to verify the email address you used during registration. Go to your
Sporcle Settings
to finish the process.
Report this User
Report this user for behavior that violates our
Community Guidelines
.
Details:
Send Report
Go to the Sporcle.com Mobile Site →
Comments